Sports Quiz

Random Sports or NCAA Quiz

Original Power 5 Teams Quiz Stats

 Plays Quiz not verified by Sporcle

Score 0/43 Timer 10:00
0 Plays Today
Conference Team % Correct
SEC???
96.2%
Big 10???
95.5%
Big 12???
92.4%
SEC???
89.8%
Big 12???
89.8%
Big 10???
88.5%
SEC???
88.5%
PAC 12???
87.9%
Big 12???
87.3%
SEC???
86.6%
SEC???
86.6%
Big 12???
86.6%
PAC 12???
86.6%
SEC???
86%
Big 12???
84.7%
Big 10???
84.1%
SEC???
84.1%
ACC???
84.1%
Big 12???
82.8%
Big 12???
82.8%
Big 12???
82.8%
Big 10???
82.2%
Conference Team % Correct
SEC???
82.2%
SEC???
82.2%
Big 12???
80.9%
ACC???
80.3%
ACC???
80.3%
ACC???
79.6%
PAC 12???
79.6%
Big 12???
78.3%
SEC???
77.7%
SEC???
77.7%
Big 12???
77.1%
Big 10???
76.4%
Big 12???
76.4%
ACC???
75.8%
Big 10???
75.2%
ACC???
72%
ACC???
71.3%
PAC 12???
66.9%
SEC???
44.6%
Big 10???
39.5%
SEC???
18.5%

You're not logged in!

Compare scores with friends on all Sporcle quizzes.
OR
Log In

Sporcle TV

Today on Sporcle TV


Watch our educational content, quiz creation guides, and fun videos on Sporcle TV.

Show Comments

Extras

Top Quizzes Today


Score Distribution

Your Account Isn't Verified!

In order to create a playlist on Sporcle, you need to verify the email address you used during registration. Go to your Sporcle Settings to finish the process.

Report this User

Report this user for behavior that violates our Community Guidelines.

Details: